- Navarrete Linares, Federico,
Entry Nombre Personal
001 - NUMERO DE CONTROL
- campo de control: 31714
003 - IDENTIFICADOR DE NUMERO DE CONTROL
- campo de control: DLC
005 - FECHA Y HORA DE LA ÜLTIMA TRANSACCIÓN
- campo de control: 20230516122245.0
008 - DATOS DE LONGITUD FIJA
- campo de control de longitud fija: 230516n| azannaabn |a aaa
010 ## - NÚMERO DE CONTROL DE LA BIBLIOTECA DEL CONGRESO
- Número de control LC: n 92033797
035 ## - NUMERO DE CONTROL
- Número de control: (OCoLC)oca03139203
035 ## - NUMERO DE CONTROL
- Número de control: (CaEvSKY)skya3801421
040 ## - FUENTE DE CATALOGACIÓN
- Agencia original de catalogación: DLC
- Lenguaje de catalogación: spa
- Description conventions: rda
- Agencia de transcripción: DLC
- Agencia que lo modifica: DLC
- Agencia que lo modifica: UPB
- Agencia que lo modifica: OCoLC
- Agencia que lo modifica: MX-MoT
- Agencia que lo modifica: DLC
- Agencia que lo modifica: MX-MxUPN
046 ## - FECHAS CON CODIFICACIÓN ESPECIAL
- Fecha de nacimiento: 1964
053 #4 - NÚMERO DE CLASIFICACIÓN LC
- Número de clasificación elemento-número único o número inicial de tramo: PQ7298.24.A923
- Institución que aplica el campo: MX-MoT
100 1# - ENCABEZAMIENTO - NOMBRE PERSONAL
- Nombre personal: Navarrete Linares, Federico,
- Fechas asociadas con el nombre: 1964-
370 ## - LUGAR ASOCIADO
- Place of birth: México
- Fuente del término: naf
375 ## - GÉNERO
- Gender: masculino
377 ## - LENGUA ASOCIADA
- Language code: spa
400 1# - VEÁSE - NOMBRE DE PERSONA
- Personal name: Linares, Federico Navarrete
400 1# - VEÁSE - NOMBRE DE PERSONA
- Personal name: Navarrete, Federico
670 ## - FUENTE EN LA QUE SE LOCALIZARON DATOS
- Cita de la fuente: Castillo, C. del. Historia de la venida de los mexicanos ... 1991:
- Información localizada: portada (Federico Navarrete Linares)
670 ## - FUENTE EN LA QUE SE LOCALIZARON DATOS
- Cita de la fuente: Hijos de la primavera, 1994:
- Información localizada: página 4 (Federico Navarrete; Federico Navarrete Linares)
670 ## - FUENTE EN LA QUE SE LOCALIZARON DATOS
- Cita de la fuente: Huesos de lagartija, 1998:
- Información localizada: portada (Federico Navarrete) página 4 de la cubierta (n. 1964 in Mexico)
902 ## - CATALOGADOR
- Catalogador: NDAF/160523
